| 000 | 00404nam a22001457a 4500 | ||
|---|---|---|---|
| 005 | 20260211201338.0 | ||
| 008 | 260211b |||||||| |||| 00| 0 eng d | ||
| 050 | _aKD 3930 .A7 | ||
| 100 | _aMICHAEL ALLEN | ||
| 245 | _aCASES&MATERIALS ON CONSTITUTIONAL AND ADMINISTRATIVE LAW | ||
| 250 | _a10th Edition | ||
| 260 |
_aNew York _bOxford University Press _c2011 |
||
| 300 | _a736pages | ||
| 942 |
_2lcc _cBK |
||
| 999 |
_c216575 _d216575 |
||